000 00771nam a2200229 a 4500
001 000038928
005 20240530073921.0
008 140326s2003 dr 000 f spa d
020 _a9788478446568
040 _aDO-SdBNP
_bspa
_cBNPHU
082 _aRD863.44
_bV443ho
100 1 _aVeloz Maggiolo, Marcio,
_d1936-2021
_91104
245 1 3 _aEl hombre del acordeón /
_cMarcio Veloz Maggiolo.
260 _aMadrid, España :
_bSiruela,
_c2003.
300 _a146 p. ;
_c23 cm.
500 _aIncluye datos biográficos del autor en la solapa de la cubierta
590 _aInventariado, 2018/BT
650 0 _aNovela dominicana
_9223
650 0 _aLiteratura dominicana.
_967
650 4 _aMerengue
_zRepública Dominicana
_965195
910 _aValidado. Control de calidad MFF
999 _c38418
_d38418